000 00788nam a2200289Ia 4500
005 20260324130640.0
008 008 260324s9999 xx 000 0 eng d
020 _a9780203945971
037 _aEBOOK
040 _aCRL
040 _beng
040 _cCRL
041 _2eng
041 _aeng
084 _qCRL
100 _aAndrew P. Hills; Professor Richard Bailey; ICSSPE; Neil A. King; Nuala M. Byrne
_91182569
245 0 _aChildren, Obesity and Exercise
245 0 _bPrevention, Treatment and Management of Childhood and Adolescent Obesity
260 _bTaylor and Francis
260 _c2007
365 _a
365 _b240
856 _uhttp://www.taylorfrancis.com/books/9780203945971
942 _cEBOOK
999 _c1778922
_d1778922